| 000 | 00416 a2200133 4500 | ||
|---|---|---|---|
| 001 | ART_11134 | ||
| 005 | 20260410161733.0 | ||
| 008 | 260409a | ||
| 245 | 1 | 0 | _aLas megatendencias como actual realidad internacional |
| 100 | 1 | _aRossi, Rodolfo C. | |
| 700 | 1 | _aGonzález Fraga, Javier | |
| 700 | 1 | _aVillanueva, Javier | |
| 773 | 0 |
_tEjecutivos de finanzas _g- Año 5, Nº 41 (oct. 1987) _wREV2863 |
|
| 999 |
_c17998 _d17998 |
||